| 000 | 01088cam a2200325 a 4500 | ||
|---|---|---|---|
| 999 |
_c8052 _d8052 |
||
| 001 | 17939527 | ||
| 003 | OSt | ||
| 005 | 20200125144238.0 | ||
| 007 | ta | ||
| 008 | 131113s2013 ii a g b 001 0 eng d | ||
| 010 | _a 2013478080 | ||
| 016 | 7 |
_a016257890 _2Uk |
|
| 020 | _a9788177083347 | ||
| 020 | _a8177083341 | ||
| 035 | _a(OCoLC)ocn823821369 | ||
| 040 |
_aDKAGE _beng _coclc _dOCLCO _dYDXCP _dUKMGB _dDLC |
||
| 042 | _alccopycat | ||
| 043 | _aa-ii--- | ||
| 050 | 0 | 0 |
_aHG3284 _b.S4815 2013 |
| 082 | 0 | 4 |
_a332.10954 _223 _bSHA/B |
| 100 |
_aShahi, Ujjwala _91568 |
||
| 245 | 1 | 0 |
_aBanking in India : _bpast, present and future / _cUjjwala Shahi. |
| 260 |
_aNew Delhi : _bNew Century Publications, _c2013. |
||
| 300 |
_axx, 226 p. : _bill. ; _c23 cm. |
||
| 504 | _aIncludes bibliographical references (p. [215]-218) and index. | ||
| 650 | 0 |
_aBanks and banking _zIndia. |
|
| 906 |
_a7 _bcbc _ccopycat _d2 _encip _f20 _gy-gencatlg |
||
| 942 |
_2ddc _cBK _h332.10954 _iSHA/B _k332.10954 _mSHA/B |
||